000 00454nam a2200181Ia 4500
001 15959
005 20260306170234.0
008 260306t2013||||xx |||||||||||||| ||und||
041 _aESP
082 _a620.86
_bE33
100 _aEgúsquiza Palacín, Beatty
_eAUT
245 0 _aSeguridad y salud en el trabajo:
_bguía práctica
260 _c2013
300 _a63 páginas :
_c24 cm.
650 _aGEN
654 _aCII
942 _cLIB
_dJUS
_fJUS
_2ddc
_n
999 _c15959
_d15959